|
|
|
|
| LEADER |
00000nab a2200000 a 4500 |
| 001 |
vtls001501277 |
| 003 |
SK-MaSNL |
| 005 |
20260303223453.0 |
| 008 |
050224s1996 xo 000 0 eng |
| 035 |
|
|
|a SPKCL3972
|
| 040 |
|
|
|a SPKCL
|b slo
|c SNKBUCL
|d VÚDPAP(JŠ)
|e AACR2
|
| 041 |
|
|
|a eng
|
| 044 |
|
|
|a xo
|c SK
|
| 080 |
|
|
|a 376.2:178:613.81/.83
|2 1981
|
| 100 |
1 |
|
|a Kreutzer, S.J.
|4 aut
|9 1258013
|
| 245 |
1 |
0 |
|a Alcohol and Drug Use Among Young Persons with Traumatic Brain Injury
|c S.J. Kreutzer
|
| 520 |
|
|
|a Výskum vzorky 87 mladých ľudí s traumatickým, mozgovým porušním v súvislosti s užívaním alkoholu a nezákonných drog.
|
| 773 |
1 |
|
|t Journal of Learning Disabilities
|g Roč. 29, č. 6 (1996) s. 643-651
|
| 850 |
|
|
|a Slovenská pedagogická knižnica Bratislava
|
| 852 |
|
|
|a SPKCL
|b KIS3GCP
|b 000710000
|n SK
|
| 999 |
|
|
|c 2247993
|d 2249923
|